000 00873nam a2200241Ia 4500
003 OSt
005 20220923225039.0
006 a|||||r|||| 00| 0
007 ta
008 220922b |||||||| |||| 00| 0 hin d
024 _a255,730
037 _cTextual
040 _aARTS
_cARTS
_bhin
041 _2hin
_ahin
082 _aP152:3(P111):g, 152K7
100 _aभाटिया, कैलाशचन्द्र
245 0 _aहिन्दी में अंग्र्रजी के आगत शब्द
246 _aHindī mean aangrrajī ke āgat shabda
260 _aइलाहाबाद
_b हिन्दुस्तानी एकेडेमी
_c1967
300 _a407पृ.
_ccm.
942 _hP152:3(P111):g, 152K7
_cTEXL
_2CC
999 _c375685
_d375685